Электрические установки сильного тока (Запись № 9927515)

Подробности
000 -МАРКЕР
контрольное поле 01534nam0a22003371 4500
001 - ИДЕНТИФИКАТОР ЗАПИСИ
контрольное поле RU\NLR\A1SV\54365
005 - ИДЕНТИФИКАТОР ВЕРСИИ
контрольное поле 20251203171251.9
035 ## - ДРУГИЕ СИСТЕМНЫЕ НОМЕРА
Идентификатор записи (NLR Aleph) 009736328
100 ## - ДАННЫЕ ОБЩЕЙ ОБРАБОТКИ
Данные общей обработки 20051220d1926 u y0rusy50 ca
101 1# - ЯЗЫК РЕСУРСА
Язык текста, звукозаписи и т.д. русский
Язык оригинала немецкий
102 ## - СТРАНА ПУБЛИКАЦИИ ИЛИ ПРОИЗВОДСТВА
Страна публикации Российская Федерация
200 1# - ЗАГЛАВИЕ И СВЕДЕНИЯ ОБ ОТВЕТСТВЕННОСТИ
Основное заглавие Электрические установки сильного тока
Сведения, относящиеся к заглавию Машины. Приборы. Схемы соединений. Эксплуатация
-- Крат. пособие для инженеров, техников и учащихся
Первые сведения об ответственности Козак
Последующие сведения об ответственности Пер. с 6-го нем. изд. инж.-эл. И.Мандельштама
210 ## - ПУБЛИКАЦИЯ, РАСПРОСТРАНЕНИЕ И ДР.
Место издания, распространения и т.д. Л.
Имя издателя, распространителя и т. д. Изд. Сев.-зап. обл. промбюро ВСНХ
Дата издания, распространения и т.д. [1926]
215 ## - ФИЗИЧЕСКАЯ ХАРАКТЕРИСТИКА
Специфическое обозначение материала и объем XIV, [2], 380 с., [4] с. объявл.
Размеры 23 см
300 ## - ОБЩИЕ ПРИМЕЧАНИЯ
Текст примечания На тит. л. и обл. дата: 1927. Датировано по штампу поступления в РНБ
300 ## - ОБЩИЕ ПРИМЕЧАНИЯ
Текст примечания Загл. ориг.: Elektrische Starkstromanlagen (Berlin, 1912)
620 ## - МЕСТО И ДАТА ПУБЛИКАЦИИ, ИСПОЛНЕНИЯ И Т. Д.
Город Санкт-Петербург
700 #1 - ИМЯ ЛИЦА - ПЕРВИЧНАЯ ОТВЕТСТВЕННОСТЬ
Графика поля Кириллица
Материалы, к которым относится поле rus
Начальный элемент ввода Козак
Часть имени, кроме начального элемента ввода Э.
Даты 1875-1953
Расширение инициалов личного имени Эмиль
Системный номер авторитетной/нормативной записи 2642160
Идентификатор авторитетной/нормативной записи RU\NLR\AUTH\770272284
702 #1 - ИМЯ ЛИЦА - ВТОРИЧНАЯ ОТВЕТСТВЕННОСТЬ
Графика поля Кириллица
Материалы, к которым относится поле rus
Начальный элемент ввода Мандельштам
Часть имени, кроме начального элемента ввода И. Б.
Даты 1885-1954
Расширение инициалов личного имени Исай Бенедиктович
Системный номер авторитетной/нормативной записи 133045
Идентификатор авторитетной/нормативной записи RU\NLR\AUTH\770133079
801 #0 - ИСТОЧНИК ЗАПИСИ
Страна Российская Федерация
Организация NLR
Дата составления 20051220
852 ## - МЕСТОНАХОЖДЕНИЕ И ШИФР ХРАНЕНИЯ
Идентификатор организации NLR
Шифр хранения (Call Number) 27/786
852 ## - МЕСТОНАХОЖДЕНИЕ И ШИФР ХРАНЕНИЯ
Идентификатор организации NLR
Шифр хранения (Call Number) 121/887
899 ## - ДАННЫЕ О МЕСТОНАХОЖДЕНИИ (устаревшее)
Местонахождение БАН
899 ## - ДАННЫЕ О МЕСТОНАХОЖДЕНИИ (устаревшее)
Местонахождение РГБ
899 ## - ДАННЫЕ О МЕСТОНАХОЖДЕНИИ (устаревшее)
Местонахождение НГОУНБ
899 ## - ДАННЫЕ О МЕСТОНАХОЖДЕНИИ (устаревшее)
Местонахождение КирОУНБ
942 ## - ДОПОЛНИТЕЛЬНЫЕ ЭЛЕМЕНТЫ ЗАПИСИ (АБИС)
Тип экземпляра АБИС Книга
980 ## - КОЛЛЕКЦИЯ
Название коллекции Национальная библиография
980 ## - КОЛЛЕКЦИЯ
Название коллекции Международный сводный каталог русской книги (1918-1926)

Нет доступных экземпляров.